000 00836cab a2200289 4500
001 ABS57539
008 090401t1997 xxu||||| |||| 00| 0 eng d
035 _a(Sirsi) u80321
041 _aeng
100 _aPartridge, C.
245 _aBusiness rates - how to survive them
260 _c1997
350 _a0
490 _aFacilities Management
_v4(6) August 1997, 14-15(2)
520 _aOutlines the main features of the business rating system and explains how to keep a check on what is being paid.
650 _aAPPEALS
650 _aBUSINESS RATES
650 _aPAYMENTS
650 _aProperty management
_96262
650 _aRATEABLE VALUE
650 _aRATING LIST
650 _aTRANSITIONAL RELIEF
650 _aVALUATION OFFICE AGENCY
690 _aRATING AND VALUATION
942 _n0
948 _c19/08/1997
999 _c50582
_d50582